[Event "Moravia-Silesia Region-chT 2223"]
[Site "Czech Republic"]
[Date "2023.02.12"]
[Round "8"]
[White "Vizner, Jaroslav"]
[Black "Sobek, Martin"]
[Result "1-0"]
[WhiteElo "1844"]
[BlackElo "1932"]
[PlyCount "35"]
[EventDate "2022.10.09"]
[EventType "team-tourn"]
[EventRounds "11"]
[EventCountry "CZE"]
[SourceTitle "EXT 2024"]
[Source "ChessBase"]
[SourceDate "2023.10.10"]
[SourceVersion "1"]
[SourceVersionDate "2023.10.10"]
[SourceQuality "1"]
[WhiteTeam "Havirov Banik"]
[BlackTeam "Karvina"]
[WhiteTeamCountry "CZE"]
[BlackTeamCountry "CZE"]

1. e4 c5 2. d4 cxd4 3. c3 dxc3 4. Nxc3 Nc6 5. Bc4 e6 6. Nf3 Nf6 7. Qe2 a6 8. 0-0 Qc7 9. Bg5 Ng4 10. Rfd1 Bc5 11. Nd5 exd5 12. exd5+ Ne7 13. Bxe7 Bxe7 14. d6 Qd8 15. Re1 b5 16. Bb3 Bb7 17. Ng5 Nh6 18. Qh5 1-0

[Event "Moravia-Silesia Region-chT 2223"]
[Site "Czech Republic"]
[Date "2022.11.27"]
[Round "4"]
[White "Kaplita, Ladislav"]
[Black "Sobek, Martin"]
[Result "0-1"]
[WhiteElo "1720"]
[BlackElo "1932"]
[PlyCount "96"]
[EventDate "2022.10.09"]
[EventType "team-tourn"]
[EventRounds "11"]
[EventCountry "CZE"]
[SourceTitle "EXT 2024"]
[Source "ChessBase"]
[SourceDate "2023.10.10"]
[SourceVersion "1"]
[SourceVersionDate "2023.10.10"]
[SourceQuality "1"]
[WhiteTeam "Petrovice Inter"]
[BlackTeam "Karvina"]
[WhiteTeamCountry "CZE"]
[BlackTeamCountry "CZE"]

1. e4 c6 2. d4 d5 3. e5 Bf5 4. Bd3 Bxd3 5. Qxd3 e6 6. Nf3 Nd7 7. Bg5 Be7 8. Bxe7 Nxe7 9. c3 c5 10. Nbd2 cxd4 11. cxd4 Rc8 12. 0-0 0-0 13. Rac1 Qb6 14. Nb3 h6 15. Rc3 Rxc3 16. bxc3 Rc8 17. Nfd2 Qc6 18. Rc1 b5 19. h3 Qb6 20. Re1 a5 21. Nc1 Nf5 22. Ne2 Qc6 23. g4 Ne7 24. Rb1 b4 25. Rb3 Qa4 26. cxb4 axb4 27. a3 bxa3 28. Rxa3 Qd1+ 29. Nf1 Qxd3 30. Rxd3 Ng6 31. Rc3 Rc4 32. f4 Rxc3 33. Nxc3 Nxf4 34. Kh2 Nb8 35. Nd2 Nc6 36. Nf3 Kf8 37. Kg3 Nd3 38. h4 Ke7 39. Ne2 Ndb4 40. Kf4 Nc2 41. g5 hxg5+ 42. hxg5 g6 43. Kg3 Kd7 44. Kf2 Kc7 45. Nc3 N2xd4 46. Nxd4 Nxd4 47. Ke3 Nf5+ 48. Kf4 Kc6 0-1

[Event "CZE-ch Betsys Online Blitz"]
[Site "Chess.com INT"]
[Date "2021.04.17"]
[Round "13"]
[White "Bartak, Josef"]
[Black "Sobek, Martin"]
[Result "1-0"]
[WhiteElo "1433"]
[BlackElo "1914"]
[PlyCount "45"]
[EventDate "2021.04.17"]
[EventType "swiss (blitz)"]
[EventRounds "13"]
[EventCountry "CZE"]
[SourceTitle "CBM 201 Extra"]
[Source "ChessBase"]
[SourceDate "2021.05.31"]
[SourceVersion "1"]
[SourceVersionDate "2021.05.31"]
[SourceQuality "1"]

1. e4 c5 2. Nc3 g6 3. g3 Bg7 4. Bg2 Nc6 5. f4 d6 6. Nf3 Nf6 7. d3 0-0 8. 0-0 a6 9. h3 b5 10. Be3 b4 11. Ne2 a5 12. g4 a4 13. Ng3 a3 14. b3 d5 15. e5 Nd7 16. Rc1 d4 17. Bd2 Nb6 18. Ne4 Bb7 19. Nxc5 Qc7 20. Nxb7 Qxb7 21. Nxd4 Rac8 22. Qf3 Qa8 23. Nxc6 1-0

[Event "CZE-ch Betsys Online Blitz"]
[Site "Chess.com INT"]
[Date "2021.04.17"]
[Round "2"]
[White "Sobek, Martin"]
[Black "Kicmer, Petr"]
[Result "0-1"]
[WhiteElo "1914"]
[BlackElo "2187"]
[PlyCount "56"]
[EventDate "2021.04.17"]
[EventType "swiss (blitz)"]
[EventRounds "13"]
[EventCountry "CZE"]
[SourceTitle "CBM 201 Extra"]
[Source "ChessBase"]
[SourceDate "2021.05.31"]
[SourceVersion "1"]
[SourceVersionDate "2021.05.31"]
[SourceQuality "1"]

1. e4 c5 2. d4 cxd4 3. c3 d3 4. Bxd3 d6 5. c4 Nf6 6. Nf3 g6 7. h3 Bg7 8. Nc3 0-0 9. 0-0 b6 10. Be3 Bb7 11. a3 Nbd7 12. Rc1 a6 13. b3 Rc8 14. Nd5 Nc5 15. b4 Ncd7 16. Qe2 b5 17. Nxf6+ Nxf6 18. cxb5 Rxc1 19. Rxc1 axb5 20. Bd4 e5 21. Bb2 Qb6 22. Nd2 d5 23. exd5 Nxd5 24. Be4 Nf4 25. Qe1 Rd8 26. Bxb7 Qxb7 27. Ne4 f5 28. Nc5 Qxg2# 0-1

[Event "CZE-ch Betsys Online Blitz"]
[Site "Chess.com INT"]
[Date "2021.04.17"]
[Round "4"]
[White "Sobek, Martin"]
[Black "Loucky, Tomas"]
[Result "1-0"]
[WhiteElo "1914"]
[BlackElo "1305"]
[PlyCount "57"]
[EventDate "2021.04.17"]
[EventType "swiss (blitz)"]
[EventRounds "13"]
[EventCountry "CZE"]
[SourceTitle "CBM 201 Extra"]
[Source "ChessBase"]
[SourceDate "2021.05.31"]
[SourceVersion "1"]
[SourceVersionDate "2021.05.31"]
[SourceQuality "1"]

1. e4 c5 2. d4 cxd4 3. c3 dxc3 4. Nxc3 Nc6 5. Bc4 e6 6. Nf3 Bb4 7. Qe2 Bxc3+ 8. bxc3 Nge7 9. Ba3 0-0 10. Bd6 Re8 11. 0-0 a6 12. Rad1 b5 13. Bb3 Na5 14. Bc2 Nc4 15. e5 Nf5 16. g4 Nfxd6 17. exd6 Bb7 18. Be4 Bxe4 19. Qxe4 Qa5 20. Ng5 g6 21. Qf3 Rf8 22. Qh3 h5 23. gxh5 b4 24. hxg6 Qxg5+ 25. Kh1 Kg7 26. Rg1 Qh6 27. gxf7+ Kxf7 28. Qxh6 Rh8 29. Qg7+ 1-0

[Event "CZE-chT2F 1920"]
[Site "Czech Republic"]
[Date "2020.06.28"]
[Round "11.6"]
[White "Maj, Svatopluk"]
[Black "Sobek, Martin"]
[Result "1/2-1/2"]
[WhiteElo "1891"]
[BlackElo "1921"]
[PlyCount "31"]
[EventDate "2019.10.13"]
[EventType "team-tourn"]
[EventRounds "11"]
[EventCountry "CZE"]
[SourceTitle "EXT 2024"]
[Source "ChessBase"]
[SourceDate "2023.10.10"]
[SourceVersion "1"]
[SourceVersionDate "2023.10.10"]
[SourceQuality "1"]
[WhiteTeam "Vrbno pod Pradedem"]
[BlackTeam "Karvina"]
[WhiteTeamCountry "CZE"]
[BlackTeamCountry "CZE"]

1. c4 Nf6 2. Nc3 d6 3. e4 g6 4. Nf3 Bg7 5. d4 0-0 6. Be2 e5 7. dxe5 dxe5 8. Qxd8 Rxd8 9. Bg5 Re8 10. Nd5 Nxd5 11. cxd5 c6 12. dxc6 Nxc6 13. 0-0 h6 14. Be3 Be6 15. Bb5 Red8 16. Bxc6 1/2-1/2

[Event "CZE-chT1E 1516"]
[Site "Czech Republic"]
[Date "2016.04.10"]
[Round "11.6"]
[White "Sobek, Martin"]
[Black "Rakus, Pavel"]
[Result "0-1"]
[WhiteElo "1904"]
[BlackElo "2110"]
[PlyCount "82"]
[EventDate "2015.10.11"]
[EventType "team-tourn"]
[EventRounds "11"]
[EventCountry "CZE"]
[SourceTitle "EXT 2017"]
[Source "ChessBase"]
[SourceDate "2016.10.25"]
[SourceVersion "1"]
[SourceVersionDate "2016.10.25"]
[SourceQuality "1"]
[WhiteTeam "Karvina"]
[BlackTeam "Opava "]
[WhiteTeamCountry "CZE"]
[BlackTeamCountry "CZE"]

1. e4 c5 2. Nf3 Nc6 3. d4 cxd4 4. Nxd4 Nf6 5. Nc3 e5 6. Ndb5 d6 7. Bg5 a6 8. Na3 b5 9. Nd5 Be7 10. Bxf6 Bxf6 11. c3 0-0 12. Nc2 Rb8 13. Be2 Bg5 14. 0-0 g6 15. Bf3 Kh8 16. Qd3 Be6 17. Rad1 Rb7 18. Rfe1 Rd7 19. a4 Qb8 20. axb5 axb5 21. Be2 Rb7 22. Ndb4 Nxb4 23. Nxb4 Bb3 24. Ra1 f5 25. Bf3 Bc4 26. Qc2 Rbf7 27. b3 fxe4 28. Rxe4 Be6 29. Re2 Ra7 30. Rxa7 Qxa7 31. Re1 Qa3 32. Bd5 Bf5 33. Qe2 Bh4 34. g3 Bg5 35. h4 Bh6 36. g4 Bd7 37. f3 Qa7+ 38. Kg2 Qc5 39. Qd3 Bxg4 40. fxg4 Qf2+ 41. Kh3 Qxe1 0-1

[Event "Ostrava op"]
[Site "Ostrava"]
[Date "2009.05.09"]
[Round "8"]
[White "Polak, Radim"]
[Black "Sobek, Martin"]
[Result "1/2-1/2"]
[WhiteElo "1900"]
[BlackElo "1965"]
[PlyCount "33"]
[EventDate "2009.05.02"]
[EventType "swiss"]
[EventRounds "9"]
[EventCountry "CZE"]
[SourceTitle "EXT 2011"]
[Source "ChessBase"]
[SourceDate "2010.11.26"]
[SourceVersion "1"]
[SourceVersionDate "2010.11.26"]
[SourceQuality "1"]

1. e4 c5 2. Nf3 Nc6 3. d4 cxd4 4. Nxd4 g6 5. Nc3 Bg7 6. Be3 d6 7. Qd2 Nf6 8. f3 0-0 9. Bc4 a6 10. a3 Qc7 11. Ba2 Rb8 12. g4 Ne5 13. Bh6 Bxh6 14. Qxh6 Qc5 15. 0-0-0 b5 16. Nf5 Bxf5 17. gxf5 1/2-1/2

[Event "Ostrava op"]
[Site "Ostrava"]
[Date "2009.05.02"]
[Round "1"]
[White "Sobek, Martin"]
[Black "Melzer, Petr"]
[Result "1-0"]
[WhiteElo "1965"]
[BlackElo "1710"]
[PlyCount "77"]
[EventDate "2009.05.02"]
[EventType "swiss"]
[EventRounds "9"]
[EventCountry "CZE"]
[SourceTitle "EXT 2011"]
[Source "ChessBase"]
[SourceDate "2010.11.26"]
[SourceVersion "1"]
[SourceVersionDate "2010.11.26"]
[SourceQuality "1"]

1. e4 c5 2. d4 e6 3. Nf3 cxd4 4. Nxd4 Nc6 5. Be3 Nf6 6. Nd2 a6 7. Be2 d6 8. 0-0 Be7 9. f3 0-0 10. Qe1 Nxd4 11. Bxd4 e5 12. Be3 Be6 13. Qf2 Rc8 14. c4 Qd7 15. b3 Rc6 16. Rfd1 Qc7 17. a4 a5 18. Nb1 Rd8 19. Nc3 b6 20. Nb5 Qb8 21. Rd2 Ne8 22. Rad1 Nc7 23. f4 exf4 24. Bxf4 Ne8 25. Bf3 Rcc8 26. Be3 Bxc4 27. bxc4 Rxc4 28. Bxb6 Rdc8 29. Na7 Rxa4 30. Nxc8 Qxc8 31. Rc2 Rc4 32. Rxc4 Qxc4 33. Bxa5 d5 34. Rxd5 Nf6 35. Rd4 Qb5 36. Bc3 h6 37. Rd1 Qb3 38. Bxf6 Bxf6 39. Kh1 1-0

[Event "Orlova op 4th"]
[Site "Orlova"]
[Date "2007.05.20"]
[Round "2"]
[White "Sobek, Martin"]
[Black "Orzechowski, Jacek"]
[Result "1/2-1/2"]
[WhiteElo "1990"]
[BlackElo "2228"]
[PlyCount "34"]
[EventDate "2007.05.19"]
[EventType "swiss"]
[EventRounds "9"]
[EventCountry "CZE"]
[SourceTitle "EXT 2012"]
[Source "ChessBase"]
[SourceDate "2011.11.24"]
[SourceVersion "1"]
[SourceVersionDate "2011.11.24"]
[SourceQuality "1"]

1. e4 e6 2. d4 d5 3. exd5 exd5 4. Bd3 Nc6 5. c3 Bd6 6. Ne2 Qh4 7. h3 Nge7 8. g3 Qf6 9. Nf4 g6 10. Be3 Bf5 11. Bxf5 Qxf5 12. Nd2 0-0-0 13. Qg4 h5 14. Qxf5+ Nxf5 15. 0-0 Nce7 16. Ng2 f6 17. Bf4 g5 1/2-1/2

[Event "Karvina op"]
[Site "Karvina"]
[Date "2002.??.??"]
[Round "3.23"]
[White "Sobek, Martin"]
[Black "Blaszczok, Grzegorz"]
[Result "0-1"]
[WhiteElo "1830"]
[BlackElo "2172"]
[PlyCount "52"]
[EventDate "2002.06.25"]
[EventType "swiss"]
[EventRounds "9"]
[EventCountry "CZE"]
[SourceTitle "EXT 2003"]
[Source "ChessBase"]
[SourceDate "2002.11.25"]
[SourceVersion "1"]
[SourceVersionDate "2002.11.25"]
[SourceQuality "1"]

1. e4 d6 2. d4 Nf6 3. Nc3 g6 4. Be3 Bg7 5. f3 c6 6. Qd2 b5 7. h4 h5 8. 0-0-0 Qa5 9. Kb1 Nbd7 10. d5 b4 11. Nce2 cxd5 12. exd5 Bb7 13. Nf4 Nb6 14. Bxb6 Qxb6 15. Ngh3 0-0 16. Be2 Rfc8 17. g4 hxg4 18. fxg4 Rc5 19. Bf3 Rac8 20. h5 Rxc2 21. Qxc2 Rxc2 22. Kxc2 e5 23. Ne2 e4 24. Bg2 Nxd5 25. Rdg1 Ne3+ 26. Kb1 Qb5 0-1